| Tag |
First Indicator |
Second Indicator |
Subfields |
| LEADER |
00000cam a2200000 4500 |
| 001 |
in00002056721 |
| 005 |
20151101063523.0 |
| 008 |
740118s1973 enk b 001 0 eng |
| 010 |
|
|
|a 73180792
|
| 015 |
|
|
|a GB***
|
| 019 |
|
|
|a 2205242
|a 883740
|
| 020 |
|
|
|a 0715364154
|
| 035 |
|
|
|a (OCoLC)ocm00804233
|
| 040 |
|
|
|a DLC
|c DLC
|d MUQ
|d DIBAM
|d TXA
|d UtOrBLW
|
| 043 |
|
|
|a s-cl---
|
| 049 |
|
|
|a TXAM
|
| 050 |
0 |
0 |
|a F3100
|b .M69
|
| 082 |
0 |
|
|a 320.9/83/064
|
| 090 |
|
|
|a F3100
|b .M69 1973
|
| 100 |
1 |
|
|a Moss, Robert,
|d 1946-
|
| 245 |
1 |
0 |
|a Chile's Marxist experiment /
|c Robert Moss.
|
| 264 |
|
1 |
|a Newton Abbot [England] :
|b David & Charles,
|c [1973]
|
| 300 |
|
|
|a 225 pages ;
|c 23 cm.
|
| 336 |
|
|
|a text
|b txt
|2 rdacontent
|
| 337 |
|
|
|a unmediated
|b n
|2 rdamedia
|
| 338 |
|
|
|a volume
|b nc
|2 rdacarrier
|
| 490 |
1 |
|
|a World realities series
|
| 504 |
|
|
|a Includes bibliographical references (pages 216-218) and index.
|
| 536 |
|
|
|a Gift from the library of Dr. R. G. Breene, Jr., March 2004.
|
| 651 |
|
0 |
|a Chile
|x Politics and government
|y 1970-1973.
|
| 651 |
|
6 |
|a Chili
|x Politique et gouvernement
|y 1970-
|
| 651 |
|
7 |
|a CHILE
|x POLITICA Y GOBIERNO
|y 1970-1973.
|2 renib
|
| 830 |
|
0 |
|a World realities series.
|
| 994 |
|
|
|a E0
|b TXA
|
| 948 |
|
|
|a cataloged
|b h
|c 2005/5/5
|d c
|e jlanham
|f 11:11:20 am
|
| 999 |
|
|
|a MARS
|
| 999 |
f |
f |
|s 31f3d10c-fa31-3ab6-be73-5edbba00df9d
|i b2171db0-df55-3285-b299-eddaefc641b2
|t 0
|
| 952 |
f |
f |
|p normal
|a Texas A&M University
|b College Station
|c Sterling C. Evans Library
|d Evans: Library Stacks
|t 0
|e F3100 .M69 1973
|h Library of Congress classification
|i unmediated -- volume
|m A14833777073
|
| 998 |
f |
f |
|a F3100 .M69 1973
|t 0
|l Evans: Library Stacks
|